01154nam a22002657a 45000010005000000030006000050050017000110080041000280200018000690400029000870500014001160820009001301000017001392450039001562500046001952600051002413000044002924900025003365050008003615200427003695210020007965210020008166500020008367000032008564812FISKH20241016110618.0241016b cb ||||| |||| 00| 0 eng d a9780194791120 aFISKHbengcFISKHdFISKH aPE1126.A4 a428  aVicary, Tim  aChemical Secret / cby Tim Vicary  aFirst published in Oxford Bookworms 1991 aNew York : bOxford University Press ;c2008 . a72 pages : billustrations ; c21 cm .  aOxford Bookworms v3 aM  aThe job was too good. There had to be a problem - and there was. John Duncan was an honest man, but he needed money. He had children to look after. He was ready to do anything, and his bosses knew it. They gave him the job because he couldn't say no; he couldn't afford to be honest. And the job was like a poison inside him. It changed him and blinded him, so that he couldn't see the real poison - until it was too late.8 a550 bLexile 8 aM bRaz-Plus  arisksvfiction  aKoelle, Chriseillustrator